000 00974nam a2200289Ia 4500
003 GCL
008 140319s9999 xx 000 0 ara d
020 _a8002399977
040 _aGCL /
_cGCL
082 0 4 _a243
_bأ ن
100 1 _aمحمد الغزالى
245 1 0 _aالنفس فى القرآن /
_cمحمد الغزالى
700 1 _aمحمد متولى الشعراوى
700 1 _aاحمد عمر هاشم
250 _aالاولى
260 _aالقاهرة :
_bأطلس للنشر والانتاج الاعلامى ،
_c2004
300 _a160 ص ؛
_c24 سم
650 0 4 _aالقران - اسباب النزول
650 0 4 _aالنفس البشرية
650 0 4 _aالقران - فضائل
650 0 4 _aالقران، علوم
650 0 4 _aالسمعيات ( فقه اسلامى )
650 0 4 _aالقران - خواص واسرار
650 0 4 _aالنفس اللوامة
650 0 4 _aالنفس المطمئنة
942 _2ddc
_cBK
999 _c9387
_d9387